Score 0/24 Timer 03:00
8 Plays Today
% Correct
Huckleberry
95.2%
Harry
95%
George
92%
Peter
90%
Luke
86.2%
Tess
76.9%
Garp
76.7%
Artemis
75%
Morrie
70.6%
Alice
68.4%
Silas
68.1%
Algernon
67.5%
% Correct
Ivan
66%
Lestat
64.7%
Alexander
61.1%
Kevin
57.5%
Henry
52.5%
Johnny
48.2%
Mary
47.1%
Charley
45.1%
Roger
41.8%
Jonathan
41.8%
Olive
40.3%
Augie
39.1%

You're not logged in!

Compare scores with friends on all Sporcle quizzes.
OR
Log In

Sporcle TV

Today on Sporcle TV


Watch our educational content, quiz creation guides, and fun videos on Sporcle TV.

Show Comments

Extras

Top Quizzes Today


Score Distribution

Paid Content

Your Account Isn't Verified!

In order to create a playlist on Sporcle, you need to verify the email address you used during registration. Go to your Sporcle Settings to finish the process.

Report this User

Report this user for behavior that violates our Community Guidelines.

Details: